[Event "AUTO-INT-3963"]
[Site "http://www.queenalice.com/game.php?id=1870724"]
[Date "2026.3.19"]
[Round "1"]
[White "game"]
[Black "Yanni"]
[Result "1-0"]
[WhiteElo "1613"]
[BlackElo "1474"]

1. e4 e5 2. Nf3 d6 3. d4 Bg4 4. Be2 Bxf3 5. Bxf3 h6 6. dxe5 d5 7. exd5 a6 8. c4
Bb4+ 9. Bd2 a5 10. O-O Nd7 11. Nc3 Nxe5 12. Re1 f6 13. Bg4 h5 14. Bxh5+ g6 15.
Bxg6+ Kd7 16. Qc2 Rh6 17. Bxh6 Nxh6 18. Be4 Neg4 19. Re2 Qg8 20. Bf5+ Kd8 21.
Qa4 Nxf5 22. Rae1 Nd6 23. Re7 Nf5 24. Qd7# 1-0

[Event "AUTO-INT-3963"]
[Site "http://www.queenalice.com/game.php?id=1870725"]
[Date "2026.3.19"]
[Round "1"]
[White "Yanni"]
[Black "game"]
[Result "0-1"]
[WhiteElo "1464"]
[BlackElo "1623"]

1. e4 d6 2. h3 e5 3. Bb5+ Bd7 4. Bc4 Nf6 5. Qe2 Be7 6. Nf3 O-O 7. Nc3 Be6 8. Bd3
d5 9. Nxe5 d4 10. Na4 Nc6 11. Nf3 Qd7 12. e5 Nh5 13. g4 Nf4 14. Qe4 Ng2+ 15. Kf1
Nh4 16. Nh2 Nb4 17. Be2 Qxa4 18. b3 Qd7 19. Qxb7 Nxc2 20. Rb1 Bd5 21. Qa6 Bxh1
22. Qd3 Qc6 23. Rb2 Qg2# 0-1

[Event "AUTO-OPEN-4646"]
[Site "http://www.queenalice.com/game.php?id=1871394"]
[Date "2026.4.4"]
[Round "1"]
[White "askasl159"]
[Black "Yanni"]
[Result "1-0"]
[WhiteElo "1722"]
[BlackElo "1442"]

1. e4 e5 2. f4 Nc6 3. Nf3 exf4 4. Bc4 h6 5. d4 Bb4+ 6. Bd2 d5 7. Bxd5 Nge7 8.
Bxb4 Nxb4 9. Bb3 Bg4 10. O-O Ng6 11. h3 Bxf3 12. Rxf3 Nh4 13. Rxf4 Ng6 14. Bxf7+
Kd7 15. Bxg6 Kc8 16. a3 Nc6 17. d5 Ne5 18. Rf5 Nxg6 19. Qg4 Ne7 20. Rf8+ Kb8 21.
Rxd8+ Rxd8 22. Nc3 a6 23. Rf1 Nc8 24. Rf7 Nb6 25. Qxg7 h5 26. Rxc7 h4 27. Rxb7+
Kc8 28. Qc7# 1-0

[Event "AUTO-OPEN-4646"]
[Site "http://www.queenalice.com/game.php?id=1871395"]
[Date "2026.4.4"]
[Round "1"]
[White "Yanni"]
[Black "askasl159"]
[Result "0-1"]
[WhiteElo "1437"]
[BlackElo "1741"]

1. e4 e5 2. Nf3 Nc6 3. Bb5 Nge7 4. d3 a6 5. Bxc6 Nxc6 6. Bg5 Be7 7. a3 O-O 8.
Nh4 Bxg5 9. Nf5 d5 10. Nc3 Bxf5 11. exf5 d4 12. Ne2 Ne7 13. h3 Nxf5 14. g3 c5
15. h4 Bh6 16. f4 Ne3 17. Qd2 Qd5 18. Rg1 Ng2+ 19. Rxg2 Qxg2 20. O-O-O exf4 21.
Rg1 fxg3 22. Rxg2 Bxd2+ 23. Kxd2 Rfe8 24. Rxg3 Re5 25. Nf4 Rae8 26. c3 dxc3+ 27.
bxc3 b5 28. h5 g5 29. Nh3 Re1 30. Rg2 h6 31. Nf2 R8e2# 0-1

[Event "AUTO-OPEN-4646"]
[Site "http://www.queenalice.com/game.php?id=1871414"]
[Date "2026.4.4"]
[Round "1"]
[White "EduardoRo"]
[Black "Yanni"]
[Result "1-0"]
[WhiteElo "1713"]
[BlackElo "1449"]

1. e4 e5 2. Nf3 Nc6 3. Bc4 Nh6 4. O-O d6 5. c3 Qf6 6. d4 Qg6 7. Nh4 Qf6 8. Nf3
Qg6 9. Nbd2 Bh3 10. Nh4 Qg5 11. Ndf3 Qg4 12. d5 Na5 13. Bxh6 gxh6 14. Bb5+ Kd8
15. g3 a6 16. b4 axb5 17. Qe2 Rg8 18. Rfe1 Be7 19. Nf5 Bg5 20. Nxg5 Rxg5 21.
Qxg4 Rxg4 22. Nxh6 Rg7 23. bxa5 Rxa5 24. a3 Rg6 25. Nxf7+ Kd7 26. Rec1 Ke7 27.
Nxd6 Kxd6 28. c4 bxc4 29. Rxc4 b5 30. Rc6+ Kd7 31. f3 b4 32. a4 b3 33. Rxg6 Rc5
34. Rh6 b2 35. Rb1 Rc2 36. Rxh3 c5 37. Rxh7+ Kd6 38. a5 c4 39. a6 Rc1+ 40. Rxc1
Kc5 41. Rb1 Kd4 42. d6 Kc3 43. d7 Kc2 44. d8=Q Kxb1 45. a7 Kc2 46. Rb7 b1=Q+ 47.
Rxb1 Kxb1 48. a8=Q c3 49. Qd1+ Kb2 50. Qb7+ Ka3 51. Qa1# 1-0

[Event "AUTO-OPEN-4646"]
[Site "http://www.queenalice.com/game.php?id=1871415"]
[Date "2026.4.4"]
[Round "1"]
[White "Yanni"]
[Black "EduardoRo"]
[Result "0-1"]
[WhiteElo "1437"]
[BlackElo "1632"]

1. e4 e5 2. Bc4 Nf6 3. d3 Bc5 4. Qd2 O-O 5. Nf3 d6 6. h3 Nc6 7. Qg5 Nd4 8. O-O
Ne2+ 9. Kh2 Nxc1 10. Rxc1 h6 11. Qg3 Nh5 12. Qh4 Qxh4 13. Nxh4 Bxf2 14. Nf3 Be3
15. Re1 Bf4+ 16. Kg1 Bg3 17. Re2 Nf4 18. Rd2 Bd7 19. Kf1 c5 20. Nc3 b5 21. Bb3
b4 22. Ne2 Nxe2 23. Kxe2 Kh8 24. Ng1 f5 25. Rf1 f4 26. Kf3 a5 27. h4 h5 28. Nh3
Bxh3 29. gxh3 Bxh4 30. Ke2 g5 31. Rg1 g4 32. Be6 f3+ 33. Ke3 Rf6 34. Bd5 Raf8
35. hxg4 f2 36. Rf1 Rf3+ 37. Ke2 R3f4 38. d4 Rxg4 39. b3 Rg1 40. Rxf2 Rxf2+ 41.
Ke3 exd4+ 42. Kd3 Rg3+ 43. Kc4 Rxd2 44. Kb5 Bd8 45. c4 Rxa2 46. Kc6 Rg6 47. Kd7
Bg5 48. Kc6 h4 49. Bf7 Rf6 50. Be8 h3 51. Bh5 h2 52. Bf3 Rxf3 53. Kxd6 h1=Q 54.
e5 Rxb3 55. e6 d3 56. e7 Bxe7+ 57. Kxe7 d2 58. Kd6 d1=Q+ 59. Kxc5 Qdh5+ 60. Kd6
Rd2+ 61. Ke7 Re3+ 62. Kf6 Rf2# 0-1

[Event "AUTO-OPEN-4646"]
[Site "http://www.queenalice.com/game.php?id=1871424"]
[Date "2026.4.4"]
[Round "1"]
[White "Pin"]
[Black "Yanni"]
[Result "1-0"]
[WhiteElo "2141"]
[BlackElo "1429"]

1. d4 d5 2. Nf3 Bf5 3. Nc3 e6 4. Bg5 f6 5. Bf4 a6 6. Nh4 g5 7. Nxf5 exf5 8. Bc1
Nc6 9. e3 Qe7 10. Nxd5 Qd6 11. Nc3 Nge7 12. Bd3 f4 13. Qh5+ Kd8 14. O-O Bg7 15.
Qf7 Rg8 16. Ne4 Qb4 17. Nc5 b6 18. c3 Qa5 19. Nb7+ Kd7 20. Nxa5 Raf8 21. Qc4
Nxa5 22. Qxa6 Ra8 23. Qb5+ Nec6 24. b4 Nb7 25. exf4 Nd6 26. Bf5+ Nxf5 27. Qxf5+
Ke7 28. Re1+ Kf7 29. Qd7+ Ne7 30. Rxe7+ Kg6 31. fxg5 Bf8 32. Rxh7 Rg7 33. Rxg7+
Bxg7 34. Qxc7 Rg8 35. Qxb6 Re8 36. Be3 Re4 37. gxf6 Bxf6 38. a4 Kf5 39. a5 Re8
40. Qb5+ Kg6 41. a6 Ra8 42. a7 Kf7 43. Qd5+ Kg6 44. Qxa8 Kf5 45. Ra5+ Kg6 46.
Qg8+ Bg7 47. a8=Q Kf6 48. Qc6+ Ke7 49. Ra7# 1-0

[Event "AUTO-OPEN-4646"]
[Site "http://www.queenalice.com/game.php?id=1871425"]
[Date "2026.4.4"]
[Round "1"]
[White "Yanni"]
[Black "Pin"]
[Result "0-1"]
[WhiteElo "1450"]
[BlackElo "2122"]

1. e4 c5 2. Bc4 e6 3. Nf3 Nc6 4. Ng5 Qxg5 5. g3 Nf6 6. d3 Qg6 7. Bf4 Be7 8. Nc3
a6 9. Qe2 O-O 10. O-O-O Nd4 11. Qd2 b5 12. Bb3 Bb7 13. a3 Nxb3+ 14. cxb3 Rac8
15. h4 b4 16. Na4 bxa3 17. bxa3 c4 18. h5 cxd3+ 19. Kb2 Rc2+ 20. Qxc2 dxc2 21.
Kxc2 Rc8+ 22. Kd2 Qg4 23. Rh4 Qf3 24. Nb2 Nxe4+ 25. Ke1 Qxf2# 0-1

[Event "AUTO-INT-3965"]
[Site "http://www.queenalice.com/game.php?id=1871593"]
[Date "2026.4.7"]
[Round "1"]
[White "Yanni"]
[Black "Ditto"]
[Result "1-0"]
[WhiteElo "1469"]
[BlackElo "1357"]

1. e4 e5 2. d3 Bc5 3. Qd2 d6 4. Nf3 Bg4 5. Ng5 Qf6 6. f3 Bh5 7. Nh3 Nc6 8. Nc3
Qh4+ 9. Kd1 Nd4 10. Nd5 O-O-O 11. Nf2 Nc6 12. Qc3 Qxf2 13. Be2 Qxg2 14. Re1 Nge7
15. Nxe7+ Nxe7 16. Qa5 Nc6 17. Qc3 Bf2 18. Bd2 Bxe1 19. Bxe1 Nd4 20. Qd2 Qxh2
21. c3 Ne6 22. Rc1 f6 23. c4 Nd4 24. c5 dxc5 25. Rxc5 Rd6 26. Kc1 Ra6 27. Qc3
Nxe2+ 28. Kc2 Nd4+ 29. Kc1 Ne2+ 30. Kd1 Nxc3+ 31. Rxc3 Bxf3+ 32. Kc1 Rxa2 33.
Bd2 Qe2 34. Kc2 Rd8 35. Rb3 Qd1+ 36. Kc3 Qb1 37. Be3 Qxd3+ 38. Kb4 1-0

[Event "AUTO-INT-3965"]
[Site "http://www.queenalice.com/game.php?id=1871595"]
[Date "2026.4.7"]
[Round "1"]
[White "Yanni"]
[Black "game"]
[Result "0-1"]
[WhiteElo "1448"]
[BlackElo "1691"]

1. e4 c5 2. Bc4 d6 3. h3 Nf6 4. d3 e5 5. Nf3 Be7 6. Nc3 O-O 7. Nh4 Nc6 8. a3 a6
9. Qf3 Nd4 10. Qd1 b5 11. Bxf7+ Rxf7 12. Nb1 Qa5+ 13. Bd2 b4 14. c3 Ne6 15. Qf3
Bb7 16. Qg3 Nh5 17. Qg4 Nhf4 18. O-O Qd8 19. cxb4 g5 20. g3 Ne2+ 21. Qxe2 gxh4
22. g4 Nf4 23. Qd1 Nxh3+ 24. Kh2 Nf4 25. Bxf4 Rxf4 26. Nd2 Qd7 27. Kg1 Rxg4+ 28.
Kh2 Rf8 29. f3 Rg3 30. Rf2 Qh3# 0-1

[Event "AUTO-INT-3965"]
[Site "http://www.queenalice.com/game.php?id=1871596"]
[Date "2026.4.7"]
[Round "1"]
[White "game"]
[Black "Yanni"]
[Result "1-0"]
[WhiteElo "1633"]
[BlackElo "1458"]

1. e4 e5 2. Nf3 Nc6 3. Bc4 h6 4. d3 Bb4+ 5. c3 Bc5 6. O-O Nf6 7. Be3 Be7 8. Nbd2
a6 9. Nh4 d6 10. Nf5 Bf8 11. a4 Bxf5 12. exf5 Qe7 13. Ne4 Nh5 14. Qxh5 O-O-O 15.
Qe2 d5 16. Bxd5 Na5 17. b4 Nc6 18. Bxc6 bxc6 19. d4 exd4 20. Qxa6+ Kd7 21. Rad1
Qxe4 22. Rxd4+ Qxd4 23. Bxd4 Bd6 24. Qa7 Ra8 25. Bxg7 Rhd8 26. Qd4 Kc8 27. a5
Re8 28. Bxh6 Be5 29. Qe4 Ra6 30. Bg7 c5 31. Qd3 Rd6 32. Qb5 Rb6 33. axb6 Bxg7
34. Qxe8+ Kb7 35. Qxf7 Bxc3 36. Qxc7+ Ka6 37. bxc5 Kb5 38. b7 Ba5 39. Rb1+ Ka4
40. Qc6+ Ka3 41. b8=Q Ka2 42. Qa4# 1-0

[Event "AUTO-INT-3965"]
[Site "http://www.queenalice.com/game.php?id=1871597"]
[Date "2026.4.7"]
[Round "1"]
[White "Yanni"]
[Black "Rocio"]
[Result "1-0"]
[WhiteElo "1414"]
[BlackElo "1413"]

1. e4 e5 2. Nf3 Nc6 3. Nc3 Bb4 4. Nd5 Bc5 5. a3 Na5 6. Bd3 c6 7. Ne3 Bxe3 8.
dxe3 Qf6 9. h3 h6 10. Bd2 d6 11. Bxa5 Ne7 12. g4 Be6 13. Qd2 O-O 14. O-O-O Qxf3
15. Rhg1 Qxh3 16. Rh1 Qf3 17. Be2 Qxf2 18. Rhf1 Qh4 19. Bc7 Rac8 20. Bxd6 Rfd8
21. Qb4 c5 22. Qxb7 Rd7 23. Qa6 Qg3 24. Bxe7 Qxe3+ 25. Kb1 Rxe7 26. g5 Qxg5 27.
Rg1 Qf6 28. Rdf1 Qh4 29. Qd6 Rce8 30. Qxe5 f6 31. Qd6 Qxe4 32. Bd3 Qe3 33. Re1
Qf2 34. Rgf1 Qh4 35. Bg6 Qg5 36. Bxe8 Rxe8 37. Rxe6 Rf8 38. Qe7 Rf7 39. Qe8+ Rf8
40. Qe7 Qd5 41. Rfe1 Rb8 42. Rg1 g5 43. Qxf6 Rf8 44. Qg6+ Kh8 45. Qxh6+ Kg8 46.
Rxg5+ Qxg5 47. Qxg5+ Kf7 48. Qg6# 1-0

[Event "AUTO-INT-3965"]
[Site "http://www.queenalice.com/game.php?id=1871598"]
[Date "2026.4.7"]
[Round "1"]
[White "Rocio"]
[Black "Yanni"]
[Result "0-1"]
[WhiteElo "1408"]
[BlackElo "1427"]

1. e4 e5 2. Nf3 Bd6 3. a3 Nf6 4. h3 h6 5. Bc4 Nxe4 6. Qe2 f5 7. d3 Nc5 8. Be3
Na4 9. Ra2 Nc6 10. Bb3 Nb6 11. g4 f4 12. Bxb6 axb6 13. Nbd2 Na5 14. Ne4 Be7 15.
Nxe5 d6 16. Nf7 Qd7 17. Nxh8 Qc6 18. Bf7+ Kf8 19. Rg1 d5 20. g5 dxe4 21. gxh6
Qxh6 22. Qxe4 Qxh8 23. Qxf4 Bf6 24. Qxc7 g5 25. Be6 Bxe6 26. Qxb6 Nc6 27. Qxb7
Rc8 28. Ra1 Qxh3 29. Kd2 Qf3 30. Rae1 Qxf2+ 31. Kd1 Nd8 32. Qb4+ Be7 33. Qe4
Qxc2# 0-1

[Event "AUTO-INT-3967"]
[Site "http://www.queenalice.com/game.php?id=1872649"]
[Date "2026.4.29"]
[Round "1"]
[White "game"]
[Black "Yanni"]
[Result "1-0"]
[WhiteElo "1586"]
[BlackElo "1433"]

1. e4 e5 2. Nf3 Nc6 3. Bc4 h6 4. d4 Bb4+ 5. Bd2 Be7 6. d5 Na5 7. Bxa5 Bd6 8. O-O
a6 9. Bc3 Bc5 10. Nxe5 Qe7 11. Qf3 f6 12. Ng6 Qf7 13. Nxh8 Qf8 14. Qh5+ Kd8 15.
Nf7+ Ke7 16. d6+ cxd6 17. e5 d5 18. Bxd5 d6 19. exd6+ Bxd6 20. Nxd6 Kxd6 21.
Bb4+ Kd7 22. Bxf8 Kc7 23. Bxg8 Bd7 24. Qf7 Rd8 25. Bxg7 Kc8 26. Nc3 Be8 27. Qxf6
Bd7 28. Be6 Kc7 29. Qe5+ Kc8 30. Qc5+ Kb8 31. Be5+ Ka8 32. Bd4 Kb8 33. Be5+ Ka8
34. Rad1 Rc8 35. Qe7 Bc6 36. Bxc8 Ka7 37. Rd8 Kb6 38. Bd4+ Ka5 39. Qe5+ b5 40.
Bc5 b4 41. Qc7# 1-0

[Event "AUTO-INT-3967"]
[Site "http://www.queenalice.com/game.php?id=1872650"]
[Date "2026.4.29"]
[Round "1"]
[White "Yanni"]
[Black "game"]
[Result "0-1"]
[WhiteElo "1423"]
[BlackElo "1604"]

1. e4 d6 2. Bc4 Be6 3. Bb5+ Bd7 4. Nf3 Bxb5 5. Nc3 Bc6 6. d3 Nf6 7. Bf4 e5 8.
Bg5 Be7 9. h3 O-O 10. Nh4 Nbd7 11. Nf5 Re8 12. Ne2 d5 13. Nc3 d4 14. Ne2 Ba4 15.
b3 Bb5 16. Neg3 Bb4+ 17. Bd2 a5 18. O-O Bc3 19. Bxc3 dxc3 20. Nh5 Rf8 21. Nhxg7
Nc5 22. Qf3 Ne6 23. Qg3 Kh8 24. Nxe6 Nh5 25. Qg4 Qf6 26. Nxc7 Rg8 27. Qxh5 Rg5
28. Nd5 Qg6 29. Qf3 Bd7 30. Ng3 Rc8 31. Ne7 Qh6 32. Nxc8 Bxc8 33. Qxf7 Be6 34.
Qxb7 Qh4 35. Qe7 Bxh3 36. Qf8+ Rg8 37. Qf7 Bg4 38. f3 Bh3 39. Kf2 Qxg3+ 40. Ke2
Qxg2+ 41. Ke3 Qd2# 0-1

[Event "AUTO-INT-3967"]
[Site "http://www.queenalice.com/game.php?id=1872662"]
[Date "2026.4.29"]
[Round "1"]
[White "Yanni"]
[Black "SGF"]
[Result "1-0"]
[WhiteElo "1430"]
[BlackElo "1677"]

1. e4 e5 2. Bc4 Qf6 3. f3 d6 4. d3 Be7 5. Nc3 Qg6 6. Qe2 c6 7. Be3 b5 8. Bb3 a5
9. a3 h5 10. h3 a4 11. Ba2 Qg3+ 12. Kd1 h4 13. Bf2 Qf4 14. b4 axb3 15. Bxb3 b4
16. Nb1 Ba6 17. axb4 Bxd3 18. cxd3 Rxa1 19. Be3 Qf6 20. Qb2 Ra8 21. Ne2 Qg6 22.
Rg1 Bg5 23. Bb6 Nd7 24. f4 Bxf4 25. Bf2 Rb8 26. Qa2 Qh5 27. g4 hxg3 28. Ba7 Ra8
29. Qa6 Nb8 30. Qc8+ Ke7 31. Bxb8 Nf6 32. Qc7+ Nd7 33. Ba7 Rhc8 34. Qa5 Qxh3 35.
Nd2 g2 36. Nxf4 exf4 37. Qg5+ Kf8 38. Bd4 Ne5 39. Kc1 Nxd3+ 40. Kc2 Nxb4+ 41.
Kd1 c5 42. Qxg7+ Ke7 43. Qxf7+ Kd8 44. Bf6# 1-0

[Event "AUTO-INT-3967"]
[Site "http://www.queenalice.com/game.php?id=1872670"]
[Date "2026.4.29"]
[Round "1"]
[White "newgame"]
[Black "Yanni"]
[Result "0-1"]
[WhiteElo "1585"]
[BlackElo "1447"]

1. e4 e5 2. Nf3 Nc6 3. Bc4 Nf6 4. Nc3 Bb4 5. O-O d6 6. d4 exd4 7. a3 Bc5 8. Nd5
Nxe4 9. b4 Bb6 10. Nxb6 axb6 11. Bd3 Nf6 12. Re1+ Ne7 13. Bc4 h6 14. Nxd4 d5 15.
Bd3 O-O 16. Bf4 Bg4 17. f3 Bh3 18. g3 Nh5 19. Ne2 Ng6 20. Bxg6 fxg6 21. Nd4 Rf6
22. Be5 Rf7 23. g4 Bxg4 24. fxg4 Nf6 25. g5 Nh5 26. Qd3 c5 27. Ne6 Qe7 28. Nf4
Qxg5+ 29. Ng2 Re8 30. Kh1 Rxe5 31. bxc5 Ref5 32. cxb6 Rf2 33. Rg1 R7f3 34. Qd4
Ng3+ 35. hxg3 Rxc2 36. Ne1 Qh5+ 37. Qh4 Qxh4+ 38. gxh4 Rh3# 0-1

[Event "Challenge"]
[Site "http://www.queenalice.com/game.php?id=1874003"]
[Date "2026.5.28"]
[Round "-"]
[White "Rocio"]
[Black "Yanni"]
[Result "1-0"]
[WhiteElo "1356"]
[BlackElo "1481"]

1. e4 e5 2. Nf3 Bd6 3. Bc4 h6 4. h3 Nf6 5. a3 Nc6 6. Nc3 a6 7. O-O Bc5 8. d4
exd4 9. Ne2 Nxe4 10. Nf4 Qf6 11. b4 Bd6 12. Nd5 Qg6 13. g4 O-O 14. Nh4 Qe6 15.
Qd3 b5 16. Bb3 Qe5 17. Nf3 Qf4 18. Bxf4 Re8 19. Rae1 Nf6 20. Nxf6+ gxf6 21.
Rxe8+ Kg7 22. Bd2 Bb7 23. Rxa8 Bxa8 24. Nh4 Ne5 25. Qe2 Kf8 26. Bxh6+ Ke7 27.
Nf5+ Kd8 28. Nxd4 Ke7 29. Nf5+ Kd8 30. g5 Nf3+ 31. Kg2 Nh4+ 32. Kg1 Nxf5 33.
Bxf7 Nh4 34. Qe8# 1-0